Pokémon - Les attaques de Zéroïd - Statistiques

Statistiques générales
  • Ce quiz a été pris 16 fois
  • Le résultat moyen est 9 sur 17
Statistiques - réponses
Niveaux Types Noms des attaques % Correct
Niveau 5 Poison Acide
88%
Niveau 15 Poison Bombe Acide
88%
Niveau 55 Roche Piège de Roc
88%
Niveau 50 Roche Rayon Gemme
88%
Niveau 70 Roche Fracass'Tête
75%
Niveau 30 Poison Choc Venin
63%
Niveau 20 Poison Bain de Smog
50%
Niveau 35 Normal Coup d'Boule
50%
Départ Normal Écras'Face
50%
Niveau 25 Psy Partage Force
50%
Niveau 25 Psy Partage Garde
50%
Niveau 40 Poison Pics Toxik
50%
Niveau 45 Poison Piège de Venin
38%
Niveau 65 Psy Zone Étrange
38%
Départ Normal Ligotage
25%
Niveau 60 Psy Voile Miroir
13%
Niveau 10 Normal Chatouille
0%
Aucun quiz correspondant
Distribution des résultats
% des personnes avec chaque résultat
Percentile par nombre de réponses
Votre historique - résultats
Vous n’avez pas pris ce quiz